[Event "Qatar Masters Open 2015"]
[Site "Doha QAT"]
[Date "2015.12.22"]
[Round "3"]
[White "Giri, Anish"]
[Black "Wojtaszek, Radoslaw"]
[Result "1-0"]
[WhiteElo "2784"]
[BlackElo "2723"]
[PlyCount "119"]
[EventDate "2015.12.20"]

1. e4 c5 2. Nf3 d6 3. d4 cxd4 4. Nxd4 Nf6 5. Nc3 a6 6. g3 e5 7. Nde2 Be7 8. Bg2
b5 9. Nd5 Nbd7 10. Nec3 Nb6 11. Nxe7 Qxe7 12. Bg5 h6 13. Bxf6 Qxf6 14. a4 bxa4
15. Nxa4 Nxa4 16. Rxa4 O-O 17. O-O Bd7 18. Ra5 Rfb8 19. b3 Rb5 20. Qd2 Rxa5 21.
Qxa5 Qd8 22. Qxd8+ Rxd8 23. Rd1 Bc6 24. Ra1 Ra8 25. Ra5 Bb7 26. f3 Rc8 27. Ra2
Rc5 28. Kf2 a5 29. Bf1 Kf8 30. Ke3 d5 31. exd5 Bxd5 32. c4 Be6 33. Kd2 Ke7 34.
Bd3 f5 35. h4 g5 36. hxg5 hxg5 37. Kc3 Kf6 38. Ra1 Bc8 39. Rh1 Kg7 40. Rh5 Kg6
41. Rh8 Kg7 42. Rd8 Kf6 43. Rd6+ Be6 44. Ra6 Ke7 45. Rb6 Kf7 46. Ra6 Ke7 47.
Be2 Kf7 48. g4 Ke7 49. Rb6 Kf7 50. Rd6 Ke7 51. Ra6 fxg4 52. fxg4 Kf7 53. Ra7+
Kf6 54. Bf3 Bf7 55. Ra6+ Ke7 56. Bc6 Be6 57. Bb5 Bxg4 58. Rxa5 Bf3 59. Ra7+ Kf6
60. Bd7 1-0

[Event "Qatar Masters Open 2015"]
[Site "Doha QAT"]
[Date "2015.12.22"]
[Round "3"]
[White "Howell, David W L"]
[Black "So, Wesley"]
[Result "1/2-1/2"]
[WhiteElo "2688"]
[BlackElo "2775"]
[PlyCount "61"]
[EventDate "2015.12.20"]

1. e4 c5 2. Nf3 e6 3. c3 Nf6 4. e5 Nd5 5. d4 cxd4 6. cxd4 d6 7. Bc4 Be7 8. O-O
O-O 9. Re1 Nc6 10. a3 b6 11. Qe2 dxe5 12. dxe5 Bb7 13. Bd2 Bc5 14. Nc3 Nxc3 15.
Bxc3 Nd4 16. Nxd4 Bxd4 17. Bxd4 Qxd4 18. Rad1 Qc5 19. Ba6 Bxa6 20. Qxa6 g6 21.
g3 Rfd8 22. Rxd8+ Rxd8 23. Qxa7 Rd2 24. Qa8+ Kg7 25. Qf3 Rxb2 26. h4 h5 27.
Qf6+ Kg8 28. Qd8+ Qf8 29. Rd1 Qxd8 30. Rxd8+ Kg7 31. Rb8 1/2-1/2

[Event "Qatar Masters Open 2015"]
[Site "Doha QAT"]
[Date "2015.12.22"]
[Round "3"]
[White "Sethuraman, S.P."]
[Black "Li, Chao b"]
[Result "0-1"]
[WhiteElo "2639"]
[BlackElo "2750"]
[PlyCount "52"]
[EventDate "2015.12.20"]

1. d4 d5 2. c4 dxc4 3. e3 e5 4. Bxc4 Nc6 5. d5 Na5 6. Be2 c6 7. Nc3 Nf6 8. e4
Bb4 9. Bg5 O-O 10. Nf3 cxd5 11. Bxf6 Qxf6 12. Qxd5 Bg4 13. O-O Bxc3 14. bxc3 b6
15. Rac1 Rac8 16. Rfd1 Rc5 17. Qd3 Be6 18. Qd2 h6 19. Ba6 Qg6 20. Qe2 Bg4 21.
Kh1 Qc6 22. Qd3 f5 23. exf5 b5 24. f6 Rxf6 25. Qd8+ Kh7 26. Qxa5 Bxf3 0-1

[Event "Qatar Masters Open 2015"]
[Site "Doha QAT"]
[Date "2015.12.22"]
[Round "3"]
[White "Yu, Yangyi"]
[Black "Swiercz, Dariusz"]
[Result "1/2-1/2"]
[WhiteElo "2736"]
[BlackElo "2646"]
[PlyCount "60"]
[EventDate "2015.12.20"]

1. e4 e5 2. Nf3 Nc6 3. Bb5 Nf6 4. d3 Bc5 5. Bxc6 dxc6 6. Nbd2 Be6 7. Nb3 Bb6 8.
O-O Qe7 9. Qe1 Nd7 10. Qc3 f6 11. Nfd2 a5 12. a4 Nc5 13. Nc4 Nxb3 14. Qxb3 O-O
15. Be3 Bxe3 16. fxe3 Qf7 17. Qc3 Bxc4 18. Qxc4 Qxc4 19. dxc4 Rfd8 20. Rfd1 Kf7
21. Kf2 c5 22. Ke2 Rxd1 23. Rxd1 Ke7 24. Rd5 b6 25. Kf3 h5 26. Kg3 g5 27. Kf3
Rd8 28. Rxd8 Kxd8 29. g4 h4 30. h3 Kd7 1/2-1/2

[Event "Qatar Masters Open 2015"]
[Site "Doha QAT"]
[Date "2015.12.22"]
[Round "3"]
[White "Carlsen, Magnus"]
[Black "Yuffa, Daniil"]
[Result "1-0"]
[WhiteElo "2834"]
[BlackElo "2504"]
[PlyCount "53"]
[EventDate "2015.12.20"]

1. c4 Nf6 2. Nf3 g6 3. g3 Bg7 4. Bg2 O-O 5. O-O d6 6. Nc3 Nc6 7. d4 Bf5 8. Bg5
Ne4 9. Nxe4 Bxe4 10. d5 Bxf3 11. exf3 Nd4 12. Re1 Re8 13. Re4 c5 14. dxc6 Nxc6
15. h4 Qb6 16. Rb1 a5 17. Be3 Qc7 18. h5 e5 19. Qd2 Nd4 20. h6 f5 21. Rxd4 exd4
22. Bxd4 Bf8 23. Bc3 Qxc4 24. f4 Re4 25. b3 Qc5 26. Ba1 d5 27. Rc1 1-0

[Event "Qatar Masters Open 2015"]
[Site "Doha QAT"]
[Date "2015.12.22"]
[Round "3"]
[White "Vocaturo, Daniele"]
[Black "Kramnik, Vladimir"]
[Result "1/2-1/2"]
[WhiteElo "2597"]
[BlackElo "2796"]
[PlyCount "101"]
[EventDate "2015.12.20"]

1. e4 e5 2. Nf3 Nc6 3. Bc4 Bc5 4. c3 Nf6 5. d3 d6 6. Bb3 a6 7. O-O h6 8. Nbd2
O-O 9. Re1 Be6 10. Bxe6 fxe6 11. b4 Ba7 12. Nf1 Qe8 13. a4 Ne7 14. Be3 Bxe3 15.
Nxe3 Ng6 16. Ra2 Rd8 17. Rd2 Qf7 18. Kh1 b5 19. Qc2 Nf4 20. axb5 axb5 21. Ng1
d5 22. f3 Qd7 23. Nf1 d4 24. g3 Ng6 25. Rc1 Ra8 26. cxd4 Qxd4 27. Qc5 Qxc5 28.
Rxc5 Rfb8 29. Rxc7 Ra4 30. Rb2 Ra3 31. Nd2 Rxd3 32. Nb3 Nf8 33. Nc5 Rd1 34. Re7
Re8 35. Rb7 Ra8 36. Kg2 g5 37. Rxb5 Rad8 38. Nb3 g4 39. Rxe5 Ng6 40. Rxe6 Kf7
41. Nc5 h5 42. e5 Nd5 43. Kf2 Ra8 44. Ra6 Rxa6 45. Nxa6 Nxe5 46. Nc5 Nc4 47.
Re2 Nce3 48. Re1 Rd2+ 49. Re2 Rd1 50. Re1 Rd2+ 51. Re2 1/2-1/2

[Event "Qatar Masters Open 2015"]
[Site "Doha QAT"]
[Date "2015.12.22"]
[Round "3"]
[White "Karjakin, Sergey"]
[Black "Sasikiran, Krishnan"]
[Result "1/2-1/2"]
[WhiteElo "2766"]
[BlackElo "2638"]
[PlyCount "83"]
[EventDate "2015.12.20"]

1. e4 e5 2. Nf3 Nc6 3. Bb5 Nf6 4. d3 Bc5 5. Bxc6 dxc6 6. Nbd2 O-O 7. O-O Re8 8.
Nc4 Nd7 9. Be3 Bd6 10. a4 Nf8 11. a5 Ng6 12. Kh1 f6 13. Ng1 Be6 14. Ne2 Qd7 15.
Qd2 Bf8 16. b3 b5 17. axb6 axb6 18. Rxa8 Rxa8 19. f4 exf4 20. Nxf4 Nxf4 21.
Bxf4 Bxc4 22. bxc4 Bd6 23. h3 Qe6 24. Qe3 Be5 25. Qg3 Ra5 26. Bxe5 Qxe5 27.
Qxe5 Rxe5 28. Kg1 Ra5 29. Kf2 Ra2 30. Rc1 Kf7 31. Ke3 h5 32. h4 Ke6 33. Kd2 Ra5
34. Rf1 f5 35. Rf4 fxe4 36. Rxe4+ Re5 37. Ke3 Kf5 38. Kf3 c5 39. Rf4+ Ke6 40.
g4 g5 41. hxg5 Rxg5 42. gxh5 1/2-1/2

[Event "Qatar Masters Open 2015"]
[Site "Doha QAT"]
[Date "2015.12.22"]
[Round "3"]
[White "Mamedyarov, Shakhriyar"]
[Black "Lenderman, Aleksandr"]
[Result "1-0"]
[WhiteElo "2748"]
[BlackElo "2626"]
[PlyCount "71"]
[EventDate "2015.12.20"]

1. d4 Nf6 2. c4 e6 3. Nf3 Bb4+ 4. Nc3 c5 5. g3 Nc6 6. Bg2 Ne4 7. Bd2 Nxd2 8.
Qxd2 cxd4 9. Nxd4 Qb6 10. e3 Ne5 11. b3 Qa5 12. Rc1 O-O 13. O-O a6 14. Rfd1 Ba3
15. Rc2 Rb8 16. Qe2 Rd8 17. h3 Be7 18. f4 Nc6 19. Kh2 Nb4 20. Rcc1 Nc6 21. Qd3
Ba3 22. Bxc6 Bxc1 23. Be4 Bb2 24. Nxe6 fxe6 25. Bxh7+ Kh8 26. Ne4 Rf8 27. Bg6
Kg8 28. Qe2 Bf6 29. c5 Bc3 30. Qh5 Rf5 31. Bxf5 exf5 32. Qe8+ Kh7 33. Ng5+ Kh6
34. Rd6+ Bf6 35. Qh8+ Kg6 36. Qh7# 1-0

[Event "Qatar Masters Open 2015"]
[Site "Doha QAT"]
[Date "2015.12.22"]
[Round "3"]
[White "Piorun, Kacper"]
[Black "Tomashevsky, Evgeny"]
[Result "1/2-1/2"]
[WhiteElo "2637"]
[BlackElo "2744"]
[PlyCount "61"]
[EventDate "2015.12.20"]

1. e4 e5 2. Nf3 Nc6 3. Nc3 Nf6 4. d4 exd4 5. Nxd4 Bb4 6. Nxc6 bxc6 7. Bd3 d5 8.
exd5 O-O 9. O-O cxd5 10. h3 c6 11. Qf3 Rb8 12. Bf4 Bd6 13. b3 Rb4 14. Bxd6 Qxd6
15. Qg3 Qxg3 16. fxg3 Be6 17. a3 Rbb8 18. Na4 Nd7 19. b4 Rfc8 20. Rab1 g6 21.
Kf2 c5 22. Nxc5 Nxc5 23. bxc5 Rxb1 24. Rxb1 Rxc5 25. Rb4 Ra5 26. a4 Bd7 27. Bb5
Bxb5 28. Rxb5 Rxa4 29. Rxd5 h5 30. Rc5 Ra1 31. Rc7 1/2-1/2

[Event "Qatar Masters Open 2015"]
[Site "Doha QAT"]
[Date "2015.12.22"]
[Round "3"]
[White "Harikrishna, Pentala"]
[Black "Salem, A.R. Saleh"]
[Result "1/2-1/2"]
[WhiteElo "2743"]
[BlackElo "2622"]
[PlyCount "105"]
[EventDate "2015.12.20"]

1. d4 Nf6 2. Nf3 g6 3. g3 Bg7 4. Bg2 d5 5. O-O O-O 6. c3 Nbd7 7. a4 a5 8. Na3
c6 9. Bf4 Nh5 10. Be3 e5 11. dxe5 Nxe5 12. Nxe5 Bxe5 13. Bc5 Re8 14. e4 dxe4
15. Qxd8 Rxd8 16. Nc4 Bc7 17. Nb6 Bxb6 18. Bxb6 Re8 19. Rfe1 f5 20. f3 Nf6 21.
Bd4 Kf7 22. Bxf6 Kxf6 23. Kf2 Be6 24. fxe4 Bb3 25. Ra3 Bc4 26. b3 Bd3 27. exf5
Rxe1 28. Kxe1 Re8+ 29. Kd2 Rd8 30. Kc1 Bxf5 31. Ra2 Rd3 32. Rf2 h5 33. Kb2 Ke5
34. Re2+ Kd6 35. Rf2 Re3 36. Bf3 Ke5 37. b4 axb4 38. cxb4 Be6 39. Bd1 Re4 40.
Ka3 Re1 41. Rd2 g5 42. b5 cxb5 43. axb5 h4 44. gxh4 gxh4 45. b6 Bd5 46. Re2+
Rxe2 47. Bxe2 Kd6 48. Kb4 Kc6 49. Ka5 Bg2 50. Bg4 h3 51. Kb4 Kxb6 52. Bc8 Kc7
53. Bxb7 1/2-1/2

[Event "Qatar Masters Open 2015"]
[Site "Doha QAT"]
[Date "2015.12.22"]
[Round "3"]
[White "Bluebaum, Matthias"]
[Black "Jakovenko, Dmitry"]
[Result "1/2-1/2"]
[WhiteElo "2590"]
[BlackElo "2737"]
[PlyCount "84"]
[EventDate "2015.12.20"]

1. d4 Nf6 2. c4 e6 3. g3 c5 4. Nf3 cxd4 5. Nxd4 d5 6. Bg2 e5 7. Nb3 d4 8. O-O
Nc6 9. f4 Bd6 10. fxe5 Bxe5 11. Bf4 Ng4 12. Bxc6+ bxc6 13. Bxe5 Nxe5 14. Qxd4
Qxd4+ 15. Nxd4 Nxc4 16. b3 Ne5 17. Nd2 O-O 18. Rac1 Re8 19. N2f3 Bd7 20. Rc5
Ng4 21. Rfc1 h6 22. R1c4 Nf6 23. Re5 Rec8 24. Ra5 Ne4 25. Ne5 Nd6 26. Rca4 Be8
27. Rxa7 Rxa7 28. Rxa7 c5 29. Ndf3 f6 30. Nd3 c4 31. bxc4 Rxc4 32. Ra6 Nb5 33.
Ra8 Kf8 34. Nf4 g5 35. Ng6+ Kg7 36. Rxe8 Kxg6 37. Ra8 Nc3 38. Kf2 Re4 39. Ng1
g4 40. a3 Rd4 41. Kg2 h5 42. Rg8+ Kh6 1/2-1/2

[Event "Qatar Masters Open 2015"]
[Site "Doha QAT"]
[Date "2015.12.22"]
[Round "3"]
[White "Korobov, Anton"]
[Black "Zhang, Zhong"]
[Result "1/2-1/2"]
[WhiteElo "2713"]
[BlackElo "2619"]
[PlyCount "75"]
[EventDate "2015.12.20"]

1. d4 Nf6 2. c4 e6 3. Nc3 Bb4 4. e3 O-O 5. Bd3 d5 6. Nf3 b6 7. O-O Ba6 8. cxd5
exd5 9. Bxa6 Nxa6 10. Qa4 Qc8 11. Bd2 Re8 12. Rfc1 Bf8 13. Ne2 Bd6 14. b4 c5
15. dxc5 bxc5 16. Rab1 Ne4 17. Be1 Qe6 18. bxc5 Naxc5 19. Qd4 g5 20. Qd1 g4 21.
Nfd4 Qg6 22. Nf4 Bxf4 23. exf4 Rac8 24. Rc2 Nd6 25. Bc3 h5 26. Ba1 Qd3 27. Rd2
Qe4 28. Ne2 Nc4 29. Nc3 Nxd2 30. Nxe4 Ncxe4 31. Rc1 Rxc1 32. Qxc1 Rb8 33. Bb2
Nc4 34. f3 Ned2 35. Qe1 Rxb2 36. Qe7 gxf3 37. Qg5+ Kf8 38. Qd8+ 1/2-1/2

[Event "Qatar Masters Open 2015"]
[Site "Doha QAT"]
[Date "2015.12.22"]
[Round "3"]
[White "Xu, Jun"]
[Black "Ivanchuk, Vassily"]
[Result "1/2-1/2"]
[WhiteElo "2526"]
[BlackElo "2710"]
[PlyCount "38"]
[EventDate "2015.12.20"]

1. Nf3 b6 2. d4 Bb7 3. c4 e6 4. g3 Bb4+ 5. Bd2 Bxf3 6. exf3 Bxd2+ 7. Qxd2 Ne7
8. Nc3 O-O 9. Bg2 d5 10. cxd5 exd5 11. O-O c6 12. Rfe1 Nd7 13. Bh3 Nf6 14. Rac1
Re8 15. Ne2 Qd6 16. Qc2 Nh5 17. Bg4 Nf6 18. Bh3 Nh5 19. Bg4 Nf6 1/2-1/2

[Event "Qatar Masters Open 2015"]
[Site "Doha QAT"]
[Date "2015.12.22"]
[Round "3"]
[White "Ponomariov, Ruslan"]
[Black "Hamdouchi, Hicham"]
[Result "1/2-1/2"]
[WhiteElo "2710"]
[BlackElo "2597"]
[PlyCount "47"]
[EventDate "2015.12.20"]

1. e4 c5 2. Nf3 Nc6 3. Bb5 g6 4. Bxc6 bxc6 5. O-O Bg7 6. Re1 Nh6 7. c3 O-O 8.
d4 cxd4 9. cxd4 d5 10. e5 f6 11. exf6 exf6 12. b3 Re8 13. Rxe8+ Qxe8 14. Ba3 g5
15. Nc3 Nf5 16. Bc5 g4 17. Ne1 h5 18. Nd3 Bh6 19. a4 Bd7 20. g3 Bg5 21. Ne2 Qe4
22. Nc3 Qe8 23. Ne2 Qe4 24. Nc3 1/2-1/2

[Event "Qatar Masters Open 2015"]
[Site "Doha QAT"]
[Date "2015.12.22"]
[Round "3"]
[White "Goryachkina, Aleksandra"]
[Black "Wei, Yi"]
[Result "1/2-1/2"]
[WhiteElo "2493"]
[BlackElo "2730"]
[PlyCount "60"]
[EventDate "2015.12.20"]

1. d4 Nf6 2. c4 g6 3. Nc3 d5 4. cxd5 Nxd5 5. e4 Nxc3 6. bxc3 Bg7 7. Qa4+ Qd7 8.
Bb5 c6 9. Be2 c5 10. Bb5 Nc6 11. Nf3 O-O 12. O-O Qc7 13. Bxc6 bxc6 14. Ba3 cxd4
15. cxd4 Bg4 16. Ne5 Bxe5 17. dxe5 Qxe5 18. Qxc6 Rfd8 19. Qc5 Qxc5 20. Bxc5 Rd7
21. f3 Rc8 22. Rac1 Be6 23. Be3 Rxc1 24. Rxc1 Bxa2 25. Ra1 Bb3 26. Rxa7 Rxa7
27. Bxa7 f5 28. exf5 gxf5 29. f4 e6 30. Kf2 Bd5 1/2-1/2

[Event "Qatar Masters Open 2015"]
[Site "Doha QAT"]
[Date "2015.12.22"]
[Round "3"]
[White "Vitiugov, Nikita"]
[Black "Zhukova, Natalia"]
[Result "1/2-1/2"]
[WhiteElo "2724"]
[BlackElo "2488"]
[PlyCount "106"]
[EventDate "2015.12.20"]

1. e4 e5 2. Nf3 Nc6 3. Bc4 Bc5 4. c3 Nf6 5. d3 O-O 6. O-O d5 7. exd5 Nxd5 8. a4
a6 9. Nbd2 Nb6 10. Ba2 Bf5 11. a5 Nc8 12. Ne4 Be7 13. Re1 Bg6 14. Qe2 Kh8 15.
Rd1 h6 16. Ng3 Bd6 17. d4 exd4 18. Nxd4 Nxd4 19. Rxd4 Re8 20. Be3 Ne7 21. Rdd1
Nc6 22. Bd5 Qh4 23. b4 Be5 24. Rac1 f5 25. Nf1 Qf6 26. Qc4 Bh5 27. f3 Nd8 28.
Qd3 c6 29. Ba2 Ne6 30. Bxe6 Rxe6 31. Bd4 Rae8 32. Bxe5 Rxe5 33. Qd4 f4 34. Nd2
Rd8 35. Qf2 Red5 36. Qe1 Qd6 37. Rc2 Bxf3 38. Rdc1 Bh5 39. Nf3 Qg6 40. Rf2 Bxf3
41. Rxf3 Rd2 42. Rf2 Rxf2 43. Qxf2 Qe4 44. Re1 Qc4 45. Qf3 c5 46. Re4 Rd1+ 47.
Qxd1 Qxe4 48. bxc5 Qe3+ 49. Kf1 Qxc3 50. Qd8+ Kh7 51. Qd5 Qxa5 52. Qe4+ Kg8 53.
Qe8+ Kh7 1/2-1/2

[Event "Nutcracker Team Match 2015"]
[Site "Moscow RUS"]
[Date "2015.12.22"]
[Round "3"]
[White "Bukavshin, Ivan"]
[Black "Najer, Evgeniy"]
[Result "0-1"]
[WhiteElo "2657"]
[BlackElo "2674"]
[PlyCount "108"]
[EventDate "2015.12.20"]
[WhiteTeam "Princes"]
[BlackTeam "Kings"]

1. d4 d5 2. c4 c6 3. Nf3 Nf6 4. e3 Bg4 5. h3 Bh5 6. g4 Bg6 7. Ne5 e6 8. Nd2
Nbd7 9. Nxg6 hxg6 10. Bg2 dxc4 11. Nxc4 Bb4+ 12. Ke2 Nb6 13. Qb3 Nxc4 14. Qxc4
Be7 15. Bd2 Nd5 16. b4 a6 17. a4 Rc8 18. Qb3 g5 19. b5 axb5 20. axb5 c5 21.
dxc5 Rxc5 22. Rhc1 O-O 23. Rxc5 Bxc5 24. Rd1 Qd6 25. Be1 Rd8 26. Rd3 b6 27. Kf1
Qh2 28. Qa4 Be7 29. Qc4 Bc5 30. Bc3 Be7 31. Bb2 Bf6 32. Ba3 Qe5 33. Bf3 Qh2 34.
Bg2 Qe5 35. Kg1 Qa1+ 36. Bf1 Ra8 37. Bc1 g6 38. Kg2 Kg7 39. Bd2 Ra2 40. Be2 Qb1
41. Bd1 Ra1 42. Be1 Qb2 43. Rd2 Qc3 44. Qe2 Qc1 45. Rd3 Rb1 46. Qf3 Qc4 47. Qe2
Qxb5 48. Kf1 Qc6 49. Kg1 Qc4 50. Qf1 Qc1 51. Kg2 b5 52. Ba5 b4 53. Be2 Qc6 54.
Qxb1 Nxe3+ 0-1

[Event "Nutcracker Team Match 2015"]
[Site "Moscow RUS"]
[Date "2015.12.22"]
[Round "3"]
[White "Antipov, Mikhail Al"]
[Black "Leko, Peter"]
[Result "1/2-1/2"]
[WhiteElo "2569"]
[BlackElo "2705"]
[PlyCount "111"]
[EventDate "2015.12.20"]
[WhiteTeam "Princes"]
[BlackTeam "Kings"]

1. e4 e5 2. Nf3 Nc6 3. Bc4 Bc5 4. O-O Nf6 5. d3 d6 6. c3 a6 7. Bb3 h6 8. Re1
O-O 9. Nbd2 Be6 10. Nc4 Re8 11. Be3 Bxe3 12. Nxe3 Qd7 13. Nh4 Bxb3 14. Qxb3 Ne7
15. a4 b5 16. Qd1 Qe6 17. Nhf5 Nxf5 18. Nxf5 g6 19. Ne3 Kg7 20. Qf3 c6 21. Ra3
d5 22. axb5 dxe4 23. dxe4 axb5 24. Rea1 Rxa3 25. Rxa3 Qd7 26. Nf1 Re6 27. Ra1
Rd6 28. Qe2 c5 29. g3 c4 30. Kg2 Rd3 31. f3 Qd6 32. Rc1 Nd7 33. Rc2 Nb6 34. Ne3
h5 35. Qf2 Nd7 36. Nd5 Nf6 37. Nxf6 Kxf6 38. Re2 Kg7 39. h4 b4 40. cxb4 Qxb4
41. f4 Qd6 42. fxe5 Qxe5 43. Qf4 Qe6 44. e5 Rb3 45. Rf2 Rb5 46. Qf6+ Qxf6 47.
exf6+ Kh6 48. Kh3 g5 49. hxg5+ Kxg5 50. Rf4 Rxb2 51. Rxc4 Kxf6 52. Rc5 Kg6 53.
g4 hxg4+ 54. Kxg4 Rb4+ 55. Kf3 Kf6 56. Ra5 1/2-1/2

[Event "Nutcracker Team Match 2015"]
[Site "Moscow RUS"]
[Date "2015.12.22"]
[Round "3"]
[White "Morozevich, Alexander"]
[Black "Artemiev, Vladislav"]
[Result "1/2-1/2"]
[WhiteElo "2692"]
[BlackElo "2676"]
[PlyCount "116"]
[EventDate "2015.12.20"]
[WhiteTeam "Kings"]
[BlackTeam "Princes"]

1. d4 d5 2. c4 c6 3. Nf3 Nf6 4. Nc3 e6 5. Bg5 Nbd7 6. e3 Qa5 7. cxd5 Nxd5 8.
Rc1 Nxc3 9. bxc3 Ba3 10. Rc2 b6 11. Qd3 Bb7 12. Be2 O-O 13. O-O c5 14. c4 cxd4
15. exd4 Rfe8 16. c5 Rac8 17. Rb1 Bd5 18. Bd2 Qa4 19. Ng5 Nf6 20. Bd1 h6 21.
Rcc1 Qd7 22. Qxa3 hxg5 23. Bxg5 Ne4 24. Be3 Qe7 25. f3 Nf6 26. Bg5 Red8 27. Be2
bxc5 28. dxc5 e5 29. Rb2 e4 30. Qe3 Qe5 31. Rd2 Bc6 32. Rxd8+ Rxd8 33. fxe4 Re8
34. Bxf6 Qxf6 35. Bf3 Qb2 36. a3 Bxe4 37. Qc3 Qxc3 38. Rxc3 Bxf3 39. gxf3 Kf8
40. Kf2 Rc8 41. Ke3 Ke7 42. Kd4 Kd7 43. Kd5 Rh8 44. c6+ Kd8 45. Rb3 Rh5+ 46.
Ke4 Rh4+ 47. Ke5 Rh5+ 48. Kf4 Rxh2 49. Rb7 Rh4+ 50. Kf5 Rh5+ 51. Kg4 Ra5 52.
Rxf7 Rxa3 53. Rxg7 Rc3 54. f4 Rxc6 55. f5 Ke8 56. Rxa7 Kf8 57. Kg5 Rb6 58. f6
Rb1 1/2-1/2

[Event "Qatar Masters Open 2015"]
[Site "Doha QAT"]
[Date "2015.12.23"]
[Round "4"]
[White "Li, Chao B"]
[Black "Giri, Anish"]
[Result "1/2-1/2"]
[WhiteElo "2750"]
[BlackElo "2784"]
[PlyCount "106"]
[EventDate "2015.12.20"]

1. d4 Nf6 2. c4 g6 3. Nc3 d5 4. Nf3 Bg7 5. cxd5 Nxd5 6. g3 Nxc3 7. bxc3 c5 8.
Bg2 Nc6 9. Be3 cxd4 10. Nxd4 O-O 11. O-O Na5 12. Qd3 a6 13. c4 Qc7 14. Rac1 Bd7
15. Qa3 Nxc4 16. Qxe7 Rae8 17. Qb4 b5 18. Bf4 Be5 19. Bxe5 Qxe5 20. Rfd1 a5 21.
Qc3 Rc8 22. Nb3 Qe7 23. Bb7 Rb8 24. Bd5 Rfc8 25. Bxc4 Rxc4 26. Qxa5 Bh3 27. Qd2
Rbc8 28. Qe3 Qxe3 29. fxe3 Be6 30. Kf2 Ra8 31. Nd4 Rxc1 32. Rxc1 Bc4 33. Rc2
Kg7 34. Rb2 Kf6 35. g4 Ra3 36. h4 h6 37. Kf3 Bd5+ 38. Kf2 Bc4 39. Nxb5 Bxb5 40.
Rxb5 Rxa2 41. Rb6+ Kg7 42. e4 Ra3 43. Rb5 Rh3 44. h5 gxh5 45. gxh5 Kf6 46. e3
Rh1 47. Kf3 Rh4 48. Ra5 Rh1 49. Ra6+ Kg7 50. Ra5 Kf6 51. e5+ Kf5 52. Kg2 Re1
53. Kf3 Rh1 1/2-1/2

[Event "Qatar Masters Open 2015"]
[Site "Doha QAT"]
[Date "2015.12.23"]
[Round "4"]
[White "Duda, Jan-Krzysztof"]
[Black "Carlsen, Magnus"]
[Result "0-1"]
[WhiteElo "2663"]
[BlackElo "2834"]
[PlyCount "84"]
[EventDate "2015.12.20"]

1. e4 c5 2. Nf3 d6 3. d4 cxd4 4. Nxd4 Nf6 5. Nc3 a6 6. Be2 e5 7. Nb3 Be7 8. Bg5
Nc6 9. Qd3 Nb4 10. Qd2 h6 11. Bxf6 Bxf6 12. Nd5 Nxd5 13. Qxd5 Qc7 14. O-O-O Be7
15. Kb1 Be6 16. Qd3 O-O 17. f4 exf4 18. Nd4 Bd7 19. Rhf1 Bf6 20. Rxf4 Be5 21.
Rff1 Rac8 22. c3 b5 23. Nf3 Be6 24. Nd4 Bc4 25. Qf3 b4 26. cxb4 Qb6 27. Bxc4
Rxc4 28. Nc2 Rfc8 29. Rd2 Qc6 30. Qxf7+ Kh8 31. Qf2 a5 32. a3 axb4 33. Nxb4
Qxe4+ 34. Ka2 Rxb4 35. axb4 Ra8+ 36. Kb3 Rb8 37. Ka2 Qxb4 38. Rc1 Qa4+ 39. Kb1
Qe4+ 40. Rcc2 Bxb2 41. Qf3 Qe1+ 42. Rd1 Bd4+ 0-1

[Event "Qatar Masters Open 2015"]
[Site "Doha QAT"]
[Date "2015.12.23"]
[Round "4"]
[White "So, Wesley"]
[Black "Akopian, Vladimir"]
[Result "1-0"]
[WhiteElo "2775"]
[BlackElo "2648"]
[PlyCount "95"]
[EventDate "2015.12.20"]

1. d4 d5 2. c4 c6 3. Nc3 Nf6 4. Nf3 dxc4 5. a4 Bf5 6. Ne5 Nbd7 7. Nxc4 Qc7 8.
g3 e5 9. dxe5 Nxe5 10. Bf4 Nfd7 11. Bg2 f6 12. O-O g5 13. Nxe5 gxf4 14. Nxd7
Qxd7 15. a5 fxg3 16. hxg3 Qxd1 17. Rfxd1 a6 18. Rd4 Rd8 19. Rad1 Rxd4 20. Rxd4
Be7 21. Ne4 Bxe4 22. Bxe4 Rg8 23. Rd3 Rg5 24. Rb3 Rb5 25. Rxb5 axb5 26. Bxh7
Bb4 27. f4 Bxa5 28. Kf2 Bd2 29. Kf3 Bc1 30. b3 c5 31. Bd3 c4 32. bxc4 bxc4 33.
Bxc4 Ke7 34. Kg4 Be3 35. Kf5 Bf2 36. g4 Be3 37. g5 fxg5 38. Kxg5 Kd6 39. Kf5
Kc5 40. Bd3 b5 41. Ke4 Bc1 42. Ke5 b4 43. Bc2 Kc4 44. f5 Bb2+ 45. Ke6 b3 46.
Bb1 Ba3 47. e4 Kd4 48. f6 1-0

[Event "Qatar Masters Open 2015"]
[Site "Doha QAT"]
[Date "2015.12.23"]
[Round "4"]
[White "Dubov, Daniil"]
[Black "Mamedyarov, Shakhriyar"]
[Result "1/2-1/2"]
[WhiteElo "2655"]
[BlackElo "2748"]
[PlyCount "61"]
[EventDate "2015.12.20"]

1. d4 Nf6 2. c4 e6 3. Nf3 b6 4. g3 Ba6 5. b3 Bb7 6. Bg2 Bb4+ 7. Bd2 a5 8. O-O
O-O 9. Bc3 d5 10. a3 Bd6 11. Bb2 Ne4 12. Nc3 Nxc3 13. Bxc3 Qe7 14. Bb2 Nd7 15.
Nh4 Nf6 16. cxd5 Bxd5 17. Qd3 Bxg2 18. Kxg2 c5 19. Nf3 Rfd8 20. Rfd1 cxd4 21.
Nxd4 Qb7+ 22. Qf3 Qxf3+ 23. Nxf3 Ne4 24. Ne5 Bc5 25. Nd3 Be7 26. Rac1 Nc5 27.
Nxc5 Bxc5 28. Kf3 f6 29. e4 Kf7 30. Ke2 e5 31. f3 1/2-1/2

[Event "Qatar Masters Open 2015"]
[Site "Doha QAT"]
[Date "2015.12.23"]
[Round "4"]
[White "Ganguly, Surya Shekhar"]
[Black "Yu, Yangyi"]
[Result "1/2-1/2"]
[WhiteElo "2648"]
[BlackElo "2736"]
[PlyCount "60"]
[EventDate "2015.12.20"]

1. d4 Nf6 2. c4 e6 3. Nf3 d5 4. Nc3 Bb4 5. cxd5 exd5 6. Bg5 h6 7. Bh4 Nbd7 8.
e3 g5 9. Bg3 Ne4 10. Qb3 c5 11. dxc5 Qa5 12. a3 Bxc3+ 13. bxc3 O-O 14. Qb4 Qxc5
15. Qxc5 Ndxc5 16. Nd4 Bd7 17. c4 dxc4 18. Bxc4 Rac8 19. O-O Nd2 20. Rfc1 Nxc4
21. Rxc4 Nd3 22. Bc7 Ne5 23. Rc3 Nc6 24. Nxc6 Bxc6 25. Be5 Bd7 26. Rac1 Rxc3
27. Rxc3 Rc8 28. Rxc8+ Bxc8 29. Bd4 b6 30. f3 f5 1/2-1/2

[Event "Qatar Masters Open 2015"]
[Site "Doha QAT"]
[Date "2015.12.23"]
[Round "4"]
[White "Piorun, Kacper"]
[Black "Karjakin, Sergey"]
[Result "0-1"]
[WhiteElo "2637"]
[BlackElo "2766"]
[PlyCount "84"]
[EventDate "2015.12.20"]

1. e4 e5 2. Nf3 Nc6 3. Nc3 Nf6 4. d4 exd4 5. Nxd4 Bb4 6. Nxc6 bxc6 7. Bd3 O-O
8. O-O d5 9. exd5 cxd5 10. h3 c6 11. Qf3 Re8 12. Bg5 Rb8 13. Ne2 Be7 14. b3 Ne4
15. Bxe7 Rxe7 16. Qf4 Rb6 17. Rfd1 Nc5 18. Nc3 Qc7 19. Qh4 h6 20. Re1 Rb7 21.
b4 Nxd3 22. cxd3 Rxe1+ 23. Rxe1 Bf5 24. Re3 Kh7 25. Qd4 Qd6 26. Rg3 Bg6 27. a3
a5 28. Na2 axb4 29. axb4 Rb8 30. h4 h5 31. Kh2 f6 32. Kg1 Ra8 33. Nc3 Ra1+ 34.
Kh2 Ra3 35. f4 Rb3 36. Na2 Qe6 37. Nc1 Rb1 38. Qc3 Qd6 39. Qc2 Qxb4 40. Qxc6
Qe1 41. f5 Rxc1 42. fxg6+ Kh6 0-1